|
|
|
|
| LEADER |
00000nab a2200000 a 4500 |
| 001 |
vtls010099051 |
| 003 |
SK-MaSNL |
| 005 |
20260303080911.0 |
| 008 |
100524 2010 xo 000 0 cze |
| 015 |
|
|
|a SNBRB2010/05
|2 lmaosk
|
| 038 |
|
|
|a LMAOSK
|
| 040 |
|
|
|a LMAOSK
|b slo
|c LMAOSK
|e AACR2
|
| 041 |
0 |
|
|a cze
|
| 044 |
|
|
|a xo
|c SK
|
| 080 |
|
|
|a 623.443
|2 2001
|
| 100 |
1 |
|
|a Pekařík, Jaroslav,
|4 aut
|9 1039518
|
| 245 |
1 |
0 |
|a Smith & Wesson model 36 "Chiefs Special", aneb, Když vás chrání "šéf"
|c Jaroslav Pekařík
|
| 300 |
|
|
|b Fotogr., tab.
|
| 500 |
|
|
|a Profil/test
|
| 650 |
0 |
7 |
|a Smith & Wesson model 36 "Chiefs Special"
|x revolver
|x technické údaje
|2 lmaosk
|9 1083379
|
| 650 |
0 |
7 |
|a revolvery
|2 SNKPH
|9 26331
|
| 650 |
0 |
7 |
|a S&W model 36 " Chiefs Special"
|x revolver
|2 lmaosk
|9 1083380
|
| 773 |
0 |
|
|t Zbraně & náboje l
|g Roč. XII, č. 5/2010 (15.4.2010), s.[10]-[15]
|x 1212-5210
|
| 852 |
|
|
|a LMAOSK
|b KIS3GCP
|
| 958 |
|
|
|a NB
|
| 999 |
|
|
|c 1782421
|d 1784351
|